Modelos en la planificación de ciudades y regiones / (Record no. 126036)

MARC details
000 -LEADER
campo de control de longitud fija 00805nam a2200229 4500
001 - NÚMERO DE CONTROL
campo de control 126036
003 - IDENTIFICADOR DE NÚMERO DE CONTROL
campo de control ES-MaACL
005 - FECHA Y HORA DE LA ÚLTIMA TRANSACCIÓN
campo de control 20250827022421.0
007 - CAMPO FIJO DE DESCRIPCIÓN FÍSICA--INFORMACIÓN GENERAL
campo de control de longitud fija t|
008 - DATOS DE LONGITUD FIJA--INFORMACIÓN GENERAL
campo de control de longitud fija 070214s1978 sp r ||||1| spa d
100 1# - ENTRADA PRINCIPAL--NOMBRE DE PERSONA
Nombre de persona Reif, Benjamín.
9 (RLIN) 95984
245 10 - MENCIÓN DEL TÍTULO
Título Modelos en la planificación de ciudades y regiones /
Mención de responsabilidad, etc. por Benjamín Reif ; traducción: Alfredo Carda, Santiago Téllez.
260 ## - PUBLICACIÓN, DISTRIBUCIÓN, ETC.
Lugar de publicación, distribución, etc. Madrid :
Nombre del editor, distribuidor, etc. Instituto de Estudios de Administración Local,
Fecha de publicación, distribución, etc. 1978.
300 ## - DESCRIPCIÓN FÍSICA
Extensión 422 p. :
Otras características físicas il. ;
Dimensiones 22 cm.
490 1# - MENCIÓN DE SERIE
Mención de serie Nuevo urbanismo
700 1# - ENTRADA AGREGADA--NOMBRE PERSONAL
Nombre de persona Carda, Alfredo.
9 (RLIN) 35111
700 1# - ENTRADA AGREGADA--NOMBRE PERSONAL
Nombre de persona Téllez, Santiago.
9 (RLIN) 109636
710 2# - ENTRADA AGREGADA--NOMBRE DE ENTIDAD CORPORATIVA
Nombre de entidad corporativa o nombre de jurisdicción como elemento de entrada Instituto de Estudios de Administración Local (España)
9 (RLIN) 4893
830 0# - PUNTO DE ACCESO ADICIONAL DE SERIE-TÍTULO UNIFORME
Título uniforme Nuevo urbanismo
9 (RLIN) 181984
852 ## - LOCALIZACIÓN
Ubicación ES-MaACL
Número de control de estantería L-152
Sublocalización o colección R.100833
Holdings
Estatus retirado Estado de pérdida Estado de daño No para préstamo Biblioteca de origen Biblioteca actual Ubicación en estantería Fecha de adquisición Fuente de adquisición Total de préstamos Signatura topográfica completa Código de barras Visto por última vez Precio de reemplazo Tipo de ítem Koha
        Biblioteca del Ateneo de Madrid Biblioteca del Ateneo de Madrid Depósito 2 17/01/2008     L-152 1131283 23/02/2023 23/02/2023 Libro impreso